00926nam a2200205 a 4500008004100000050002200041100001700063245011700080260004000197350000900237650003500246650003400281650005200315650002700367650004400394700001900438995010900457999001700566952013700583120416s2001 ||||||||||||||||| || u aHG 3881.5.W57 Glo aMody, Ashoka10aGlobal public policies and programs: implications for financing and evaluationcedited by Christopher D. Gerrard aWashington, D. C.bWorld Bankc2001 a0.00 aTECHNICAL ASSISTANCE--PLANNING aECONOMIC ASSISTANCE--PLANNING 0aENVIRONMENTAL POLICY--INTERNATIONAL COOPERATION aWORLD BANK--CONGRESSES aINTERNATIONAL MONETARY FUND--CONGRESSES aFerroni, Marco D0.00FCBU-MAIN LIBRARY (Kitwe)H1I0.00M1UAVAILABLEWOct 31, 2001ZMain Library Open Access Collection c44702d44702 00102lcc4070a001b001cMain Library Open Access Collectiond2022-11-30l0oHG 3881.5.W57 Glop56205r2022-11-30w2022-11-30y002